| 000 | 01171cab a2200229 4500 | ||
|---|---|---|---|
| 001 | L136886 | ||
| 008 | 070228n2007 000 0 eng u | ||
| 035 | _a(Sirsi) u136886 | ||
| 041 | 0 | _aeng | |
| 110 | 2 |
_aCITB-ConstructionSkills _94992 |
|
| 245 |
_aNew programme launched to tackle industry health and safety shortfall _h[electronic resource] |
||
| 260 | _c2007 | ||
| 490 | 0 |
_aCITB-ConstructionSkills Press Release _vFebruary 2007 |
|
| 520 | _aSite Safety Plus, a new lifelong learning health and safety training programme, has been launched in preparation of the Construction (Design and Management) Regulations 2007. Site Safety Plus incorporates a number of courses, tackling safety issues from operative to management level. The courses have been revised to take account of the new CDM Regulations. | ||
| 590 | _aKA | ||
| 650 | 2 | 4 | _aCONSTRUCTION (DESIGN AND MANAGEMENT) REGULATIONS 2007 |
| 650 | 2 | 4 | _aCITB-CONSTRUCTION SKILLS SITE SAFETY PLUS |
| 651 | 4 |
_aUnited Kingdom _y |
|
| 690 |
_aHealth and safety _96244 |
||
| 856 | 4 | 0 |
_uhttps://www.citb-constructionskills.co.uk/news _zView the item free of charge at www.citb-constructionskills.co.uk... |
| 942 | _n0 | ||
| 999 |
_c78481 _d78481 |
||